000 02513cam a22004695i 4500
001 14277
003 BD-JhCC
005 20250226114324.0
008 150528s2023 cauabd e a 001 0 eng d
020 _a9781718502703
020 _a1718502702
035 _a(OCoLC)14277
040 _aUKMGB
_erda
_cUKMGB
_dOCLCF
_dIHY
_dLE@
_dYDX
_dNYP
_dOPW
_dBKL
_dVP@
_dUAP
_dLMR
_dIBI
_dOCL
_dFHP
_dTXSCH
_dYDX
_dCQC
_dOCL
_dTRC
_dGYG
_dOCLCO
_dDLC
041 _aeng
082 0 4 _a005.133
_223
100 1 _aMatthes, Eric,
_d1972-
245 1 0 _aPython crash course :
_ba hands-on, project-based introduction to programming /
_cby Eric Matthes.
250 _a3rd edition.
260 _aUSA:
_bWilliam Pollock;
_c2023.
300 _axxxvi, 514 pages :
_billustrations (black and white), maps, charts ;
_c24 cm
500 _aPrevious edition: 2019.
500 _aIncludes index.
505 0 0 _tPart I: basics --
_tGetting started --
_tVariables and simple data types --
_tIntroducing lists --
_tWorking with lists --
_tIf statements --
_tDictionaries --
_tUser input and while loops --
_tFunctions --
_tClasses --
_tFiles and exceptions --
_tTesting your code --
_tPart II: projects --
_tA ship that fires bullets --
_tAliens! --
_tScoring --
_tGenerating data --
_tDownloading data --
_tWorking with APIS --
_tGetting started with Django --
_tUser accounts --
_tStyling and deploying an app --
_tInstallation and troubleshooting --
_tText editors and IDES --
_tGetting help --
_tUsing GIT for version control --
_tTroubleshooting deployments --
520 _aIncludes instructions for basic concepts such as variables, lists, classes, and loops. Practice exercises come with each topic. The end goal is the creation of a Space Invaders-inspired arcade game to deploy online.
650 0 _aPython (Computer program language)
650 0 _aComputer programming.
650 6 _aPython (Langage de programmation)
650 6 _aProgrammation (Informatique)
650 7 _acomputer programming.
650 7 _aCOMPUTERS / Languages / Python.
650 7 _aCOMPUTERS / Computer Science.
650 7 _aCOMPUTERS / Programming / Open Source.
650 7 _aComputer programming
650 7 _aPython (Computer program language)
650 7 _aPython (Computer language)
650 7 _aComputer programming.
655 7 _ahandbooks.
_2aat
655 7 _aHandbooks and manuals
_2fast
655 7 _aHandbooks and manuals.
_2lcgft
655 7 _aGuides et manuels.
_2rvmgf
942 _2ddc
_cBK
999 _c14277
_d14277